Statistics for Australian States and Territories by Capitals

Click here to take the quiz!

General Stats

  • This quiz has been taken 180 times
  • The average score is 7 of 8

Answer Stats

Capitalsurface in km²State/Territory% Correct
Sydney800,642New South Wales
98%
Brisbane1,730,650Queensland
96%
Perth2,529,880Western Australia
96%
Hobart68,400Tasmania
95%
Melbourne227,420Victoria
92%
Adelaide983,480South Australia
90%
Darwin1,349,130Northern Territory
89%
Canberra2,358Australian Capital Territory
81%

Score Distribution

Percentile by Number Answered

Percent of People with Each Score

Your Score History

You have not taken this quiz